000
00272nam a22001217a 4500
008
171123b xxu||||| |||| 00| 0 eng d
041
_a
eng
080
_a
616-002.77
100
_a
7
101
_a
REU
245
_a
BIOPHYSICAL RESEARCH METHODS
_c
UBER,F,M
942
_2
udc
_c
BK
999
_c
38373
_d
38373